000 00638nam a2200181 i 4500
001 184481
003 ES-MaACL
005 20230906222216.0
008 150910s1880 fr |||| | fre d
100 1 _aThonnelier, Jules.
_9157427
245 1 0 _aCatalogue de la bibliothèque orientale de feu M. Jules Thonnelier.
260 _aParis :
_bErnest Leroux,
_c1880.
300 _aVIII, 564, 16 p., ;
_c25 cm.
500 _aLas últimas 16 p., catálogo de obras del editor.
600 1 4 _aThonnelier, Jules-
_xBiblioteca-
_vCatálogos de subastas.
_9157428
650 0 4 _aLibros-
_vCatálogos de subastas.
_914429
852 _aES-MaACL
_jG-11432
999 _c184481
_d184481